Database system concept / (Record no. 2123)

000 -LEADER
fixed length control field 00497nam a22001817a 4500
008 - FIXED-LENGTH DATA ELEMENTS--GENERAL INFORMATION
fixed length control field 200213b ||||| |||| 00| 0 eng d
020 ## - INTERNATIONAL STANDARD BOOK NUMBER
International Standard Book Number 007-124476-X
041 0# - LANGUAGE CODE
Language code of text/sound track or separate title eng
082 00 - DEWEY DECIMAL CLASSIFICATION NUMBER
Classification number 005.74
Item number S5824
100 ## - MAIN ENTRY--PERSONAL NAME
9 (RLIN) 1682
Personal name Silberschatz, A.
245 10 - TITLE STATEMENT
Title Database system concept /
250 ## - EDITION STATEMENT
Edition statement 5th ed.
260 ## - PUBLICATION, DISTRIBUTION, ETC. (IMPRINT)
Place of publication, distribution, etc Boston :
Name of publisher, distributor, etc McGraw-Hill,
Date of publication, distribution, etc 2006.
300 ## - PHYSICAL DESCRIPTION
Extent xxvi,1142 p.
650 #0 - SUBJECT ADDED ENTRY--TOPICAL TERM
Topical term or geographic name as entry element Database Management
700 ## - ADDED ENTRY--PERSONAL NAME
9 (RLIN) 1719
Personal name Korth, Henry F.
942 ## - ADDED ENTRY ELEMENTS (KOHA)
Item type Books
Holdings
Withdrawn status Lost status Source of classification or shelving scheme Damaged status Not for loan Permanent location Current location Date acquired Source of acquisition Full call number Barcode Date last seen Cost, replacement price Koha item type
          IMU Kolkata IMU Kolkata 2006-11-30 Jyoti, the Book People 005.74 S5824 09781 2020-02-13 372.00 Books
          IMU Kolkata IMU Kolkata 2006-11-30 Jyoti, the Book People 005.74 S5824 09782 2020-02-13 372.00 Books
Designed and Maintained by IMU-KC Library, Kolkata Campus © Copyright All Rights Reserved

webs counters

Powered by Koha